000 01074nam a2200253Ii 4500
008 221202s xx 000 0 und d
100 1 _aD'Haenens, Leen,
_eauthor
245 0 _aCyberidentities
246 _aCanadian and European Presence in Cyberspace
264 _bUniversity of Ottawa Press
_c1999
300 _a1 online resource (224 pages)
336 _atext
_btxt
_2rdacontent
337 _acomputer
_bc
_2rdamedia
338 _aonline resource
_bcr
_2rdacarrier
490 _aInternational Canadian Studies Series
520 _aThis innovative study explores diverse aspects of Canadian and European identity on the information highway and reaches beyond technical issues to confront and explore communication, culture and the culture of communication.
653 _aCanada
653 _aCulture
653 _aEurope
653 _aInformation
653 _aStudy
856 _uhttps://docs.google.com/spreadsheets/d/1yKIrdCPDAG_9c22mwoOIO2DOhtj65Wqa/edit?usp=sharing&ouid=106555315294820607512&rtpof=true&sd=true
_yList of Curated E-Books
942 _cE-BOOK
999 _c92704
_d92701